One belt one road initiative in Central Asia: implications for competitiveness of Russian economy

Guardado en:
Detalles Bibliográficos
Autor principal: Královičová, Michaela
Otros Autores: Žatko, Matúš, 1991-
Formato: Capítulo de libro
Lenguaje:inglés
Etiquetas: Agregar Etiqueta
Sin Etiquetas, Sea el primero en etiquetar este registro!

MARC

LEADER 00000nla a2200000 4500
001 0226012
005 20240531125318.4
041 0 |a eng 
044 |a CZ 
245 1 0 |a One belt one road initiative in Central Asia: implications for competitiveness of Russian economy  |c Michaela Královičová, Matúš Žatko 
100 1 |a Královičová, Michaela 
700 1 |a Žatko, Matúš, 1991-